[Event "IECC TH-T email"]
[Site "IECC email"]
[Date "2000.04.26"]
[Round "?"]
[White "Wylie, Richard"]
[Black "Cherner, Lyle"]
[Result "1/2-1/2"]
[WhiteElo "1236"]
[BlackElo "1401"]
[PlyCount "38"]
[EventDate "2000.??.??"]
[EventType "match (corr)"]
[EventRounds "2"]
[SourceTitle "Corr 2008"]
[Source "ChessBase"]
[SourceDate "2008.06.24"]
[SourceVersion "1"]
[SourceVersionDate "2008.06.24"]
[SourceQuality "1"]

1. e4 Nf6 2. e5 Nd5 3. d4 d6 4. Nf3 Nc6 5. e6 fxe6 6. Bc4 g6 7. 0-0 Bg7 8. c3 0-0 9. Na3 Nb6 10. Bb3 Na5 11. Bc2 Bd7 12. Qe2 Nc6 13. Rd1 a6 14. Be4 d5 15. Bc2 e5 16. Nxe5 Nxe5 17. dxe5 Bf5 18. Be3 e6 19. f4 Bxc2 1/2-1/2

[Event "IECC TH-T email"]
[Site "IECC email"]
[Date "2000.02.13"]
[Round "?"]
[White "Wylie, Richard"]
[Black "Hughes, Stephen J"]
[Result "1/2-1/2"]
[WhiteElo "1215"]
[BlackElo "1427"]
[PlyCount "130"]
[EventDate "2000.??.??"]
[EventType "match (corr)"]
[EventRounds "2"]
[SourceTitle "Corr 2008"]
[Source "ChessBase"]
[SourceDate "2008.06.24"]
[SourceVersion "1"]
[SourceVersionDate "2008.06.24"]
[SourceQuality "1"]

1. e4 e6 2. d4 d5 3. Nc3 Bb4 4. Nge2 dxe4 5. a3 Be7 6. Ng3 Nf6 7. Ncxe4 Nc6 8. Nxf6+ Bxf6 9. Bd3 Bxd4 10. 0-0 Bd7 11. c3 Bf6 12. Qb3 Rb8 13. Be3 a6 14. Rfd1 Bg5 15. f4 Bh4 16. Ne4 Be7 17. Be2 Na5 18. Qc2 0-0 19. Nf2 Nc6 20. Qd3 Be8 21. Qc2 Bd6 22. c4 Qc8 23. b4 Ne7 24. Nd3 Nf5 25. Bf2 Be7 26. Bf3 c6 27. Ba7 Ra8 28. Qf2 b5 29. Rac1 Qb7 30. Bb6 Rb8 31. Bc5 Rd8 32. cxb5 axb5 33. g4 Nh4 34. Bh1 Bxc5 35. Nxc5 Qe7 36. Rxd8 Qxd8 37. Re1 Ng6 38. Bg2 Qd6 39. f5 exf5 40. gxf5 Nf4 41. Ne4 Qh6 42. Qd2 Qh4 43. f6 Nxg2 44. Kxg2 Bd7 45. fxg7 Re8 46. Nf2 Rxe1 47. Qxe1 Qg5+ 48. Kf3 Qf5+ 49. Kg3 Qg5+ 50. Kf3 Qf6+ 51. Ke2 Qe6+ 52. Kd1 Qd5+ 53. Qd2 Kxg7 54. Qxd5 cxd5 55. Kd2 Kf6 56. Ke3 Ke6 57. Nd3 Bc6 58. Kd4 Kd6 59. Nf4 Bb7 60. h4 Bc6 61. Nh5 f5 62. Nf4 Bb7 63. Nd3 Bc8 64. Nf4 Be6 65. Ne2 Bd7 1/2-1/2

[Event "IECC CL7-1999.22"]
[Site "IECC email"]
[Date "1999.05.21"]
[Round "?"]
[White "Stewart, Deane"]
[Black "Wylie, Richard"]
[Result "1-0"]
[WhiteElo "1129"]
[BlackElo "1162"]
[PlyCount "67"]
[EventDate "1999.??.??"]
[EventType "tourn (corr)"]
[EventRounds "4"]
[SourceTitle "Corr 2008"]
[Source "ChessBase"]
[SourceDate "2008.06.24"]
[SourceVersion "1"]
[SourceVersionDate "2008.06.24"]
[SourceQuality "1"]

1. f4 d5 2. Nf3 d4 3. e3 dxe3 4. d4 f5 5. Bxe3 e6 6. Bc4 Nf6 7. 0-0 Nc6 8. Nc3 Na5 9. Bb5+ c6 10. Be2 Be7 11. Ne5 g6 12. a3 b5 13. b4 Nb7 14. Nxc6 Qd7 15. Ne5 Qd8 16. Bxb5+ Bd7 17. Nxd7 Nxd7 18. d5 a6 19. Bc6 Qc7 20. Na4 0-0-0 21. Bxd7+ Rxd7 22. Nb6+ Kb8 23. Nxd7+ Qxd7 24. Qd4 Rd8 25. Qa7+ Kc8 26. Bb6 Qd6 27. dxe6 Bf6 28. Rad1 Qb8 29. Qxb8+ Kxb8 30. Bxd8 Nxd8 31. Rfe1 Nc6 32. Rd6 Kb7 33. e7 Kc7 34. e8Q 1-0

[Event "IECC CL7-1999.22"]
[Site "IECC email"]
[Date "1999.05.21"]
[Round "?"]
[White "Wylie, Richard"]
[Black "Karlsson, Roger"]
[Result "1-0"]
[WhiteElo "1158"]
[BlackElo "1005"]
[PlyCount "121"]
[EventDate "1999.??.??"]
[EventType "tourn (corr)"]
[EventRounds "4"]
[SourceTitle "Corr 2008"]
[Source "ChessBase"]
[SourceDate "2008.06.24"]
[SourceVersion "1"]
[SourceVersionDate "2008.06.24"]
[SourceQuality "1"]

1. e4 e5 2. d4 exd4 3. Qxd4 Nc6 4. Qa4 d6 5. Bb5 Bd7 6. Nf3 Qe7 7. 0-0 0-0-0 8. Nc3 Nf6 9. Be3 Kb8 10. Bxc6 Bxc6 11. Qxa7+ Kc8 12. Rae1 d5 13. Bf4 Qc5 14. Qxc5 Bxc5 15. Ne5 Rhf8 16. exd5 Nxd5 17. Nxd5 Rxd5 18. Nd3 Bb5 19. Re5 Rxe5 20. Bxe5 Bxd3 21. cxd3 Re8 22. Bxg7 Re2 23. g3 Rd2 24. Rc1 Bxf2+ 25. Kf1 Be3 26. Re1 Bg5 27. h4 Bd8 28. Re8 Rxd3 29. Kg2 Rd2+ 30. Kh3 c5 31. Bf6 Kc7 32. Be5+ Kd7 33. Rh8 f6 34. Bc3 Rd3 35. Rxh7+ Kc6 36. Rh6 b5 37. Bxf6 Bxf6 38. Rxf6+ Kd5 39. Ra6 c4 40. h5 Kc5 41. h6 Rd7 42. Kh4 b4 43. Ra5+ Kd4 44. Kg5 c3 45. bxc3+ bxc3 46. Rf5 Rd5 47. h7 Rd8 48. Rf2 Kd3 49. Kg6 c2 50. Rf1 Rf8 51. Ra1 Rc8 52. Kg7 Rc7+ 53. Kh6 Rc8 54. g4 Ke4 55. Kg7 Rc7+ 56. Kg6 c1Q 57. Rxc1 Rxc1 58. h8Q Rc6+ 59. Kh5 Rc5+ 60. g5 Kf4 61. Qf6+ 1-0

[Event "IECC Swiss email"]
[Site "IECC email"]
[Date "1999.04.26"]
[Round "?"]
[White "Wylie, Richard"]
[Black "Pascute, Bruce"]
[Result "0-1"]
[WhiteElo "1160"]
[BlackElo "1353"]
[PlyCount "50"]
[EventDate "1999.??.??"]
[EventType "tourn (corr)"]
[EventRounds "6"]
[SourceTitle "Corr 2008"]
[Source "ChessBase"]
[SourceDate "2008.06.24"]
[SourceVersion "1"]
[SourceVersionDate "2008.06.24"]
[SourceQuality "1"]

1. e4 e5 2. d4 exd4 3. Qxd4 Nc6 4. Qe3 Nf6 5. Be2 Nb4 6. Na3 Be7 7. c3 Nc6 8. Bd2 Bxa3 9. bxa3 0-0 10. c4 Re8 11. f3 d6 12. Bc3 Nd7 13. Nh3 Nc5 14. Nf4 f5 15. Nh5 Qh4+ 16. Qf2 Qxh5 17. f4 Rxe4 18. Rd1 Be6 19. Kd2 Qf7 20. Bb4 Bxc4 21. Rhe1 Bxe2 22. Rxe2 Nd4 23. Re3 Qxa2+ 24. Ke1 Nc2+ 25. Kf1 Nxe3+ 0-1

[Event "IECC TH-M email"]
[Site "IECC email"]
[Date "1999.03.28"]
[Round "?"]
[White "Zillmer, Jim"]
[Black "Wylie, Richard"]
[Result "0-1"]
[WhiteElo "1491"]
[BlackElo "1100"]
[PlyCount "36"]
[EventDate "1999.??.??"]
[EventType "match (corr)"]
[EventRounds "2"]
[SourceTitle "Corr 2008"]
[Source "ChessBase"]
[SourceDate "2008.06.24"]
[SourceVersion "1"]
[SourceVersionDate "2008.06.24"]
[SourceQuality "1"]

1. d4 d5 2. c4 g6 3. g3 Nc6 4. Bg2 Bg7 5. cxd5 Nxd4 6. Nc3 c5 7. dxc6 Nxc6 8. Bxc6+ bxc6 9. Qxd8+ Kxd8 10. Bf4 e5 11. Be3 Ne7 12. Nf3 Nd5 13. Rd1 Be6 14. Bc5 Kc7 15. Ne4 Rab8 16. Bd6+ Kd7 17. Bxb8 Rxb8 18. Nxe5+ Bxe5 0-1

[Event "IECC CL7-1999.16"]
[Site "IECC email"]
[Date "1999.03.08"]
[Round "?"]
[White "Taylor, Michael W"]
[Black "Wylie, Richard"]
[Result "0-1"]
[WhiteElo "979"]
[BlackElo "1076"]
[PlyCount "52"]
[EventDate "1999.??.??"]
[EventType "tourn (corr)"]
[EventRounds "4"]
[SourceTitle "Corr 2008"]
[Source "ChessBase"]
[SourceDate "2008.06.24"]
[SourceVersion "1"]
[SourceVersionDate "2008.06.24"]
[SourceQuality "1"]

1. e4 e5 2. d3 d5 3. exd5 Qxd5 4. Nc3 Qa5 5. Bd2 Bb4 6. Nf3 e4 7. Nxe4 Bxd2+ 8. Qxd2 Qd5 9. Qe3 Be6 10. d4 Nc6 11. b3 Nb4 12. Bd3 0-0-0 13. 0-0 Ne7 14. Neg5 Nf5 15. Qe5 Nxd3 16. cxd3 c6 17. Qxd5 Rxd5 18. Nxe6 fxe6 19. Rae1 Nxd4 20. Nxd4 Rxd4 21. Rd1 Rhd8 22. f3 Kc7 23. Rfe1 R8d6 24. g4 Kb6 25. Re3 Kb5 26. Rd2 Kb4 0-1

[Event "IECC Trio 697 email"]
[Site "IECC email"]
[Date "1999.02.27"]
[Round "?"]
[White "Wylie, Richard"]
[Black "Million, Ken"]
[Result "0-1"]
[WhiteElo "1127"]
[BlackElo "1017"]
[PlyCount "70"]
[EventDate "1999.??.??"]
[EventType "tourn (corr)"]
[EventRounds "4"]
[SourceTitle "Corr 2008"]
[Source "ChessBase"]
[SourceDate "2008.06.24"]
[SourceVersion "1"]
[SourceVersionDate "2008.06.24"]
[SourceQuality "1"]

1. e4 e5 2. Nc3 Nf6 3. d4 Bb4 4. f3 exd4 5. Qxd4 Bxc3+ 6. Qxc3 d6 7. Bf4 Nc6 8. Bb5 Bd7 9. Bxc6 Bxc6 10. e5 dxe5 11. Qxe5+ Qe7 12. 0-0-0 Qxe5 13. Bxe5 Rc8 14. Bxc7 Rxc7 15. Re1+ Re7 16. Ne2 0-0 17. b3 Rfe8 18. Kd1 Nd5 19. Kd2 Nb4 20. a3 Nxc2 21. Kxc2 Rxe2+ 22. Kd1 Rxe1+ 23. Rxe1 Rxe1+ 24. Kxe1 f5 25. Kf2 Kf7 26. Ke3 g5 27. Kd4 Ke6 28. Ke3 Ke5 29. g3 Bb5 30. f4+ gxf4+ 31. gxf4+ Kd5 32. h3 Bf1 33. h4 a5 34. b4 a4 35. Kd2 Ke4 0-1

[Event "IECC Quad email"]
[Site "IECC email"]
[Date "1999.01.31"]
[Round "?"]
[White "Lafargue, Philippe"]
[Black "Wylie, Richard"]
[Result "1/2-1/2"]
[WhiteElo "961"]
[BlackElo "1165"]
[PlyCount "66"]
[EventDate "1999.??.??"]
[EventType "tourn (corr)"]
[EventRounds "6"]
[SourceTitle "Corr 2008"]
[Source "ChessBase"]
[SourceDate "2008.06.24"]
[SourceVersion "1"]
[SourceVersionDate "2008.06.24"]
[SourceQuality "1"]

1. d4 d5 2. Nf3 Nc6 3. Nc3 g6 4. e3 Bg7 5. Bb5 Qd6 6. Qd3 Bd7 7. 0-0 Nf6 8. e4 Nb4 9. e5 Nxd3 10. exd6 Nxc1 11. Re1 cxd6 12. Raxc1 e6 13. a4 Bxb5 14. Nxb5 0-0 15. Nxd6 b6 16. Ne5 Ne8 17. Nb7 Bxe5 18. Rxe5 Rb8 19. c4 dxc4 20. Rxc4 Rxb7 21. b4 Rc7 22. Rxc7 Nxc7 23. b5 Rd8 24. g4 Rxd4 25. f3 Nd5 26. Re4 Rd1+ 27. Kg2 g5 28. Kg3 Rf1 29. Kg2 Rd1 30. h3 f5 31. Rxe6 Ne3+ 32. Rxe3 f4 33. Re8+ Kf7 1/2-1/2

[Event "IECC CL6-1999.02"]
[Site "IECC email"]
[Date "1998.11.28"]
[Round "?"]
[White "Wylie, Richard"]
[Black "White, Gary"]
[Result "1-0"]
[WhiteElo "1248"]
[BlackElo "1336"]
[PlyCount "20"]
[EventDate "1999.??.??"]
[EventType "tourn (corr)"]
[EventRounds "4"]
[SourceTitle "Corr 2008"]
[Source "ChessBase"]
[SourceDate "2008.06.24"]
[SourceVersion "1"]
[SourceVersionDate "2008.06.24"]
[SourceQuality "1"]

1. e4 e5 2. Nc3 Bc5 3. Nd5 Qh4 4. Qe2 Nf6 5. g3 Qh6 6. d4 Qg6 7. dxc5 Nxd5 8. exd5 d6 9. Nf3 dxc5 10. Nxe5 Qe6 1-0

[Event "IECC Trio 648 email"]
[Site "IECC email"]
[Date "1998.11.26"]
[Round "?"]
[White "Fantoni, Franco"]
[Black "Wylie, Richard"]
[Result "1-0"]
[WhiteElo "1255"]
[BlackElo "1248"]
[PlyCount "41"]
[EventDate "1998.??.??"]
[EventType "tourn (corr)"]
[EventRounds "4"]
[SourceTitle "Corr 2008"]
[Source "ChessBase"]
[SourceDate "2008.06.24"]
[SourceVersion "1"]
[SourceVersionDate "2008.06.24"]
[SourceQuality "1"]

1. d4 Nf6 2. c4 d5 3. cxd5 Nxd5 4. Nf3 f5 5. Nc3 g6 6. Qb3 e6 7. Bg5 Be7 8. Bxe7 Qxe7 9. Nxd5 exd5 10. Qxd5 Nc6 11. Qb3 Nb4 12. a3 Be6 13. Qxb4 Qxb4+ 14. axb4 0-0-0 15. Rxa7 Kb8 16. Ra3 Rd6 17. e3 Rb6 18. b5 Bd7 19. Kd2 Bxb5 20. Bxb5 Rxb5 21. Rha1 1-0

[Event "IECC Trio 648 email"]
[Site "IECC email"]
[Date "1998.11.26"]
[Round "?"]
[White "Wylie, Richard"]
[Black "Fantoni, Franco"]
[Result "0-1"]
[WhiteElo "1248"]
[BlackElo "1255"]
[PlyCount "32"]
[EventDate "1998.??.??"]
[EventType "tourn (corr)"]
[EventRounds "4"]
[SourceTitle "Corr 2008"]
[Source "ChessBase"]
[SourceDate "2008.06.24"]
[SourceVersion "1"]
[SourceVersionDate "2008.06.24"]
[SourceQuality "1"]

1. e4 e5 2. Nc3 Nf6 3. d4 exd4 4. Qxd4 Nc6 5. Qe3 Bb4 6. Qg5 Bxc3+ 7. bxc3 0-0 8. Bd3 Re8 9. f3 d5 10. Be3 h6 11. Qg3 dxe4 12. fxe4 Nxe4 13. Qf3 Nxc3 14. Bc4 Qh4+ 15. g3 Qxc4 16. Ne2 Bg4 0-1

[Event "IECC Trio theme 262 email"]
[Site "IECC email"]
[Date "1998.11.22"]
[Round "?"]
[White "Wylie, Richard"]
[Black "Sykula, Andrzej"]
[Result "0-1"]
[WhiteElo "1169"]
[BlackElo "1997"]
[PlyCount "52"]
[EventDate "1998.??.??"]
[EventType "tourn (corr)"]
[EventRounds "4"]
[SourceTitle "Corr 2008"]
[Source "ChessBase"]
[SourceDate "2008.06.24"]
[SourceVersion "1"]
[SourceVersionDate "2008.06.24"]
[SourceQuality "1"]

1. e4 e5 2. Nf3 Nc6 3. Bb5 f5 4. d4 fxe4 5. Nxe5 Nxe5 6. dxe5 c6 7. Be2 Qa5+ 8. Nc3 Qxe5 9. g3 Nf6 10. Bf4 Qe6 11. Qd4 d5 12. h3 Bd6 13. 0-0-0 Bxf4+ 14. gxf4 0-0 15. Na4 b6 16. Rhg1 c5 17. Qe3 Bd7 18. b3 Bxa4 19. bxa4 Kh8 20. Qg3 Rf7 21. Qg5 d4 22. f5 Qxa2 23. Rde1 Qa1+ 24. Kd2 Qc3+ 25. Kc1 d3 26. Bg4 Qxc2# 0-1

[Event "IECC Trio 646 email"]
[Site "IECC email"]
[Date "1998.11.15"]
[Round "?"]
[White "Avant, Thomas"]
[Black "Wylie, Richard"]
[Result "1-0"]
[WhiteElo "1564"]
[BlackElo "1271"]
[PlyCount "27"]
[EventDate "1998.??.??"]
[EventType "tourn (corr)"]
[EventRounds "4"]
[SourceTitle "Corr 2008"]
[Source "ChessBase"]
[SourceDate "2008.06.24"]
[SourceVersion "1"]
[SourceVersionDate "2008.06.24"]
[SourceQuality "1"]

1. e4 Nc6 2. Nf3 d6 3. d4 d5 4. exd5 Qxd5 5. Nc3 Qe6+ 6. Be3 Qd6 7. Nb5 Qd8 8. Bf4 e5 9. Nxe5 Be6 10. d5 Nxe5 11. Bxe5 Bb4+ 12. c3 Ba5 13. dxe6 Qg5 14. Qd7+ 1-0